ՀՀ Գիտությունների ազգային ակադեմիայի հիմնարար գիտական գրադարան  =   Fundamental Scientific Library of NAS RA

Улисс : (Record no. 329307)

MARC details
000 -LEADER
fixed length control field 01054nam a2200241 a 4500
001 - CONTROL NUMBER
control field 000993387
003 - CONTROL NUMBER IDENTIFIER
control field AM-YeHGA
005 - DATE AND TIME OF LATEST TRANSACTION
control field 20250617150341.0
008 - FIXED-LENGTH DATA ELEMENTS--GENERAL INFORMATION
fixed length control field 131119s2013 ru r 000 0 rus d
020 ## - INTERNATIONAL STANDARD BOOK NUMBER
International Standard Book Number 9785699044807
040 ## - CATALOGING SOURCE
Original cataloging agency AM-YeHGA
041 1# - LANGUAGE CODE
Language code of text/sound track or separate title rus
Language code of original eng
090 ## - LOCALLY ASSIGNED LC-TYPE CALL NUMBER (OCLC); LOCAL CALL NUMBER (RLIN)
-- 331061
100 1# - MAIN ENTRY--PERSONAL NAME
Personal name Джойс, Джеймс
Dates associated with a name 1882-1941
245 10 - TITLE STATEMENT
Title Улисс :
Remainder of title Роман /
Statement of responsibility, etc. Джеймс Джойс ; [пер. с англ. Виктора Хинкиса и Сергея Хоружего ; коммент. С. Хоружий].
260 ## - PUBLICATION, DISTRIBUTION, ETC.
Place of publication, distribution, etc. Москва :
Name of publisher, distributor, etc. Иностранка,
Date of publication, distribution, etc. 2013.
300 ## - PHYSICAL DESCRIPTION
Extent 923, [2] с.
440 #0 - SERIES STATEMENT/ADDED ENTRY--TITLE
Title Иностранная литература. Большие книги
650 14 - SUBJECT ADDED ENTRY--TOPICAL TERM
Topical term or geographic name entry element Художественная литература
Geographic subdivision Ирландия
650 14 - SUBJECT ADDED ENTRY--TOPICAL TERM
Topical term or geographic name entry element Ирландская литература
General subdivision Проза
700 1# - ADDED ENTRY--PERSONAL NAME
Personal name Хинкис, Виктор Александрович
Relator term пер.
Relationship trl
700 1# - ADDED ENTRY--PERSONAL NAME
Personal name Хоружий, Сергей Сергеевич
Relator term пер., авт. коммент.
Relationship trl
-- cmm
Holdings
Withdrawn status Lost status Source of classification or shelving scheme Damaged status Not for loan Collection Home library Current library Date acquired Shelving control number Total checkouts Full call number Barcode Date last seen Price effective from Koha item type Public note
    Universal Decimal Classification     General Fundamental Scientific Library Fundamental Scientific Library 09/01/2017     PII/656649 FL0277396 09/01/2017 09/01/2017 Գրքեր / Books 30 Days Loan


ՀՀ ԳԱԱ հիմնարար գիտական գրադարան
ՀՀ,Երևան 0019
Մարշալ Բաղրամյան 24/6
հեռախոս:(374-10) 52-47-50
Հետադարձ կապ

All site content, except where otherwise noted, is licensed under a
Creative Commons License